Paroles - Pierre Garnier Nous on sait - Statistiques

Statistiques générales
  • Ce quiz a été pris 1 115 fois
  • Le résultat moyen est 243 sur 314
Statistiques - réponses
Paroles % Correct
a
97%
à
97%
de
96%
on
95%
je
92%
la
92%
le
92%
si
91%
ce
89%
et
89%
nous
89%
Nous
89%
ta
89%
des
87%
se
87%
sait
86%
te
86%
tu
86%
Tu
86%
me
84%
pas
84%
pour
84%
qu'on
84%
quand
82%
dans
81%
un
81%
noir
80%
est
79%
parler
79%
soir
79%
j'appelle
78%
mieux
78%
besoin
77%
ça
77%
ca
77%
dis
77%
que
77%
avancer
76%
mais
76%
trop
76%
aller
75%
qu'il
75%
tard
75%
une
75%
Fais
74%
signe
74%
t'as
74%
j'ai
73%
faut
71%
lâcher
71%
prise
71%
chanter
70%
envie
70%
histoires
70%
montagnes
70%
monter
70%
m'réponds
70%
donne
69%
fait
69%
69%
regarde
69%
d'ailleurs
68%
meilleur
68%
milliards
68%
savoir
68%
voix
68%
as
67%
connais
67%
d'aller
67%
il
67%
sujet
67%
t'en
67%
lumière
66%
cette
65%
j'entends
65%
vers
65%
demain
64%
J'suis
63%
n'insiste
63%
rallumera
63%
sera
63%
douleur
62%
sentir
62%
tout
61%
pire
60%
s'éteint
60%
faire
58%
j'crois
58%
ne
58%
choix
56%
dire
55%
respire
55%
toi
54%
serait
53%
bas
52%
recherche
52%
trêve
52%
mille
51%
autour
50%
garder
50%
l'amour
48%
T'esquives
48%
t'empêche
47%
disparait
46%
t'retenir
43%
(Oh-oh-oh-oh-oh)
6%
Aucun quiz correspondant
Distribution des résultats
% des personnes avec chaque résultat
Percentile par nombre de réponses
Votre historique - résultats
Vous n’avez pas pris ce quiz